000 00458nam a22001817a 4500
003 OSt
008 240403b |||||||| |||| 00| 0 eng d
020 _a9789395161435
082 _a615.7 JAB
100 _aJAIN,AKHLESH.K
245 _aBIOPHARMACEUTICS AND PHARMACOKINETICS
250 _a2nd
260 _aNew Delhi
_bS.Chand
_c2023
300 _axi,151
650 _aBIOPHARMACEUTICS AND PHARMACOKINSTICS
700 _aMISHRA, KEERTI
942 _2ddc
_cBK
999 _c12385
_d12385